000 01257cam a2200337 a 4500
001 12722508
003 OSt
005 20150408114142.0
008 131016s2012 njua b 001 0 eng d
010 _a 2002277552
015 _aGB99-V0967
020 _a9788131701126
035 _a(OCoLC)ocm43550706
040 _aIMJ
_cIMJ
_dTXA
_dOCL
_dUKM
_dOCL
_dDLC
042 _alccopycat
082 0 0 _a005.276
_221
_bDHI
100 1 _aDeitel, Harvey M.,
_d1945-
245 1 0 _aInternet and World Wide Web :
_bhow to program /
_cH.M. Deitel, P.J. Deitel, T.R. Nieto.
246 1 4 _aInternet & World Wide Web
260 _aUpper Saddle River, N.J. :
_b Pearson Education (US),
_c2012.
300 _axliv, 1157 p. :
_bill. (some col.) ;
_c24 cm. +
_e1 computer optical disc (4 3/4 in.)
440 0 _aHow to program series
504 _aIncludes bibliographical references (p. [1108]-1111) and index.
650 0 _aInternet programming.
_94985
650 0 _aWorld Wide Web.
700 1 _aDeitel, Paul J.
700 1 _aNieto, T. R.
_q(Tem R.)
_95371
906 _a7
_bcbc
_ccopycat
_d2
_encip
_f20
_gy-gencatlg
942 _2ddc
_cBOOK
999 _c31246
_d265746